000
00268nam a2200121Ia 4500
005
20251222154357.0
008
251222s9999||||xx |||||||||||||| ||spa||
020
_a
84-7668-267-0
082
_a
868.9/M58
100
_a
"Milla, Benito"
245
0
_a
Ítaca
942
_c
LIB
999
_c
35127
_d
35127